| 000 | 00731nam a22002297a 4500 | ||
|---|---|---|---|
| 005 | 20240530110957.0 | ||
| 008 | 221204s2006 au a f b 000 0 eng d | ||
| 017 | _a16475 | ||
| 020 | _a9774080106 | ||
| 040 |
_aEG-CaGPL _cEG-CaGPL |
||
| 082 | 0 | 4 |
_221 _a615.882 _bا د |
| 100 | 0 | _aبينلوب اودى | |
| 245 | 1 | 0 |
_aالدليل العلمى ل الطب الصينى / _cتاليف بينلوب اودى |
| 250 | _aط.1 | ||
| 260 |
_aالقاهرة : _bدار الفاروق للنشر والتوزيع، _c2006 |
||
| 300 |
_a144 ص. ؛ _c28 سم. |
||
| 650 | 0 | 7 |
_2qrmak _aالطب الصينى |
| 650 | 0 | 7 | _aالطب الصينى |
| 651 | _2qrmak | ||
| 942 |
_2ddc _cBK |
||
| 999 |
_c67118 _d67118 |
||